[Event "HUN-chT4 Chalupetzky 1718"]
[Site "Hungary"]
[Date "2018.02.25"]
[Round "6.1"]
[White "Halmai, Florian"]
[Black "Toth, Benjamin Patrik"]
[Result "1-0"]
[WhiteElo "1421"]
[BlackElo "1340"]
[PlyCount "59"]
[EventDate "2017.10.15"]
[EventType "team-tourn"]
[EventRounds "7"]
[EventCountry "HUN"]
[SourceTitle "EXT 2019"]
[Source "ChessBase"]
[SourceDate "2018.10.10"]
[SourceVersion "1"]
[SourceVersionDate "2018.10.10"]
[SourceQuality "1"]
[WhiteTeam "Lovo"]
[BlackTeam "Gyor Szechenyi II"]
[WhiteTeamCountry "HUN"]
[BlackTeamCountry "HUN"]

1. e4 e5 2. Nf3 Nc6 3. Bb5 a6 4. Ba4 b5 5. Bb3 Bc5 6. c3 Nf6 7. 0-0 Nxe4 8. d4 exd4 9. cxd4 Be7 10. Re1 d5 11. h3 0-0 12. a3 Na5 13. Bc2 f5 14. Nc3 Bb7 15. Ne5 c5 16. Be3 cxd4 17. Bxd4 Nc6 18. Nxd5 Qxd5 19. Bb3 Qxb3 20. Qxb3+ Kh8 21. Nf7+ Rxf7 22. Qxf7 Nxd4 23. Qxe7 Rb8 24. Rac1 Bc6 25. Qa7 Rd8 26. Qxa6 Bd5 27. Qb6 Ne6 28. f3 Nd6 29. Rxe6 Bxe6 30. Qxd8+ 1-0

[Event "HUN-chT4 1617"]
[Site "Hungary"]
[Date "2016.11.06"]
[Round "2.1"]
[White "Gyurika, Roland"]
[Black "Toth, Benjamin Patrik"]
[Result "0-1"]
[WhiteElo "1211"]
[BlackElo "1319"]
[PlyCount "50"]
[EventDate "2016.10.02"]
[EventType "team-tourn"]
[EventRounds "7"]
[EventCountry "HUN"]
[SourceTitle "EXT 2019"]
[Source "ChessBase"]
[SourceDate "2018.10.10"]
[SourceVersion "1"]
[SourceVersionDate "2018.10.10"]
[SourceQuality "1"]

1. e4 e5 2. Nf3 Nc6 3. Bc4 Bc5 4. Nc3 d6 5. d3 Na5 6. Bb3 Nxb3 7. axb3 Nf6 8. Bg5 h6 9. Bh4 Be6 10. Nd5 g5 11. Bg3 Nxd5 12. exd5 Bxd5 13. c3 Qe7 14. b4 Bb6 15. c4 Be6 16. b5 Bd7 17. h3 f5 18. Qe2 f4 19. Bh2 0-0-0 20. d4 e4 21. Nd2 Rhe8 22. c5 dxc5 23. dxc5 Qxc5 24. Nxe4 Qb4+ 25. Kf1 Bxb5 0-1

[Event "Gyor op-B 7th"]
[Site "Gyor"]
[Date "2016.07.08"]
[Round "5"]
[White "Toth, Benjamin Patrik"]
[Black "Gyurika, Tamas"]
[Result "1-0"]
[WhiteElo "1211"]
[BlackElo "1370"]
[PlyCount "85"]
[EventDate "2016.07.06"]
[EventType "swiss"]
[EventRounds "9"]
[EventCountry "HUN"]
[SourceTitle "EXT 2017"]
[Source "ChessBase"]
[SourceDate "2016.10.25"]
[SourceVersion "1"]
[SourceVersionDate "2016.10.25"]
[SourceQuality "1"]

1. e4 e5 2. Nf3 Nc6 3. d4 exd4 4. Nxd4 Bc5 5. Be3 Qe7 6. Nxc6 bxc6 7. Bxc5 Qxc5 8. Bd3 Qb4+ 9. Nd2 Qxb2 10. 0-0 Ne7 11. Nc4 Qc3 12. f4 Ba6 13. Qe2 0-0 14. e5 Nd5 15. Ne3 Bxd3 16. cxd3 Qd4 17. Rae1 Nxf4 18. Qg4 Ne6 19. Qg3 Rad8 20. Rd1 Nc5 21. Kh1 Rb8 22. Nf5 Ne6 23. Nxd4 Nxd4 24. Rb1 Nb5 25. a4 Nc3 26. Rxb8 Rxb8 27. Qf2 Rf8 28. Qxa7 Nd5 29. a5 h6 30. Qd4 Ra8 31. Ra1 Kf8 32. a6 Kg8 33. a7 Kf8 34. Qb2 Nb6 35. Qb4+ Ke8 36. Ra6 g6 37. Rxb6 cxb6 38. Qxb6 Ke7 39. Qb8 Rxb8 40. axb8Q h5 41. Qd6+ Ke8 42. d4 Kd8 43. Qf8+ 1-0

[Event "Gyor op-B 7th"]
[Site "Gyor"]
[Date "2016.07.07"]
[Round "3"]
[White "Toth, Benjamin Patrik"]
[Black "Nusser, Gergo"]
[Result "1-0"]
[WhiteElo "1211"]
[BlackElo "1205"]
[PlyCount "81"]
[EventDate "2016.07.06"]
[EventType "swiss"]
[EventRounds "9"]
[EventCountry "HUN"]
[SourceTitle "EXT 2017"]
[Source "ChessBase"]
[SourceDate "2016.10.25"]
[SourceVersion "1"]
[SourceVersionDate "2016.10.25"]
[SourceQuality "1"]

1. e4 c5 2. Nf3 d6 3. Bc4 Nc6 4. d4 cxd4 5. Nxd4 Nxd4 6. Qxd4 Nf6 7. Nc3 g6 8. 0-0 Bg7 9. Qd3 0-0 10. Be3 Bd7 11. f4 Ng4 12. Bd4 e5 13. fxe5 dxe5 14. Bc5 Re8 15. Bxf7+ Kh8 16. Bxe8 Qxe8 17. Nd5 Rc8 18. Qa3 Bb5 19. Rfd1 b6 20. Be7 Rxc2 21. Qxa7 Qf7 22. Qb8+ Bf8 23. Qxf8+ Qxf8 24. Bxf8 Nf2 25. Rdc1 Rxb2 26. Rab1 Rxb1 27. Rxb1 Bd3 28. Rb3 Bc4 29. Rc3 Bxd5 30. exd5 Ne4 31. Re3 Kg8 32. Rxe4 Kxf8 33. Rxe5 Kf7 34. d6 Kf6 35. Re1 Kg7 36. d7 Kh6 37. d8Q b5 38. Qf8+ Kg5 39. Re5+ Kg4 40. Qf3+ Kh4 41. Qh3# 1-0

[Event "HUN-chT4a 1516"]
[Site "Hungary"]
[Date "2015.11.28"]
[Round "3.9"]
[White "Lukacsi, Zsolt"]
[Black "Toth, Benjamin Patrik"]
[Result "1-0"]
[WhiteElo "1642"]
[BlackElo "1151"]
[PlyCount "97"]
[EventDate "2015.10.17"]
[EventType "team-tourn"]
[EventRounds "8"]
[EventCountry "HUN"]
[SourceTitle "EXT 2019"]
[Source "ChessBase"]
[SourceDate "2018.10.10"]
[SourceVersion "1"]
[SourceVersionDate "2018.10.10"]
[SourceQuality "1"]

1. e4 e5 2. Bc4 Nc6 3. f4 d6 4. Nf3 Bg4 5. 0-0 Nf6 6. Nc3 Qd7 7. d3 Nd4 8. fxe5 Nxf3+ 9. gxf3 Bh3 10. exf6 Bxf1 11. Qxf1 gxf6 12. Qg2 0-0-0 13. Qg4 Qxg4+ 14. fxg4 Rd7 15. Nd5 Be7 16. Be3 c5 17. Bb5 Rc7 18. Nxc7 Kxc7 19. Bc4 Rf8 20. Bh6 Rg8 21. h3 Rg6 22. Bf4 Rg7 23. Rf1 a6 24. a4 h5 25. Kh2 hxg4 26. Rg1 g3+ 27. Rxg3 Rxg3 28. Kxg3 Kd7 29. Bxf7 b5 30. axb5 axb5 31. h4 Bf8 32. h5 Ke7 33. Bg6 Bg7 34. h6 Bh8 35. c3 c4 36. dxc4 bxc4 37. Bf5 Kf7 38. Bxd6 Ke8 39. Be6 Kd8 40. Bxc4 Kd7 41. Bf8 Ke8 42. Bg7 Bxg7 43. hxg7 Ke7 44. g8Q Kd6 45. Qe6+ Kc7 46. Bb5 Kb8 47. Qd7 Ka8 48. Ba6 f5 49. Qb7# 1-0

[Event "Gyor Amateur op 4th"]
[Site "Gyor"]
[Date "2015.08.29"]
[Round "3"]
[White "Toth, Benjamin Patrik"]
[Black "Szabo, Richard"]
[Result "0-1"]
[WhiteElo "1086"]
[BlackElo "1477"]
[PlyCount "94"]
[EventDate "2015.08.28"]
[EventType "swiss"]
[EventRounds "5"]
[EventCountry "HUN"]
[SourceTitle "EXT 2016"]
[Source "ChessBase"]
[SourceDate "2015.10.08"]
[SourceVersion "1"]
[SourceVersionDate "2015.10.08"]
[SourceQuality "1"]

1. e4 e5 2. Bc4 c6 3. Nc3 a5 4. a4 Nf6 5. Qf3 Be7 6. Nge2 0-0 7. d4 exd4 8. Nxd4 Bb4 9. Bg5 d5 10. exd5 Bxc3+ 11. bxc3 Bg4 12. Qg3 Qe7+ 13. Kf1 Qc5 14. Qd3 Nxd5 15. Re1 Nd7 16. Bxd5 Qxd5 17. Bf4 Rae8 18. Be3 Ne5 19. Qd2 Nc4 20. Qc1 Bh3 21. Rg1 Bd7 22. Nb3 b5 23. Rd1 Qf5 24. Bc5 Qe5 25. Re1 Qxc3 26. Bxf8 Rxf8 27. Rd1 Be6 28. Rd3 Qb4 29. axb5 cxb5 30. c3 Qxb3 31. g3 Bh3+ 32. Ke1 Re8+ 33. Re3 Nxe3 34. fxe3 Qc4 35. Qd2 a4 36. Kf2 Bg4 37. Re1 a3 38. Kg2 Be6 39. Ra1 Bd5+ 40. Kg1 a2 41. Rc1 Qe4 42. Re1 Qh1+ 43. Kf2 Qxh2+ 44. Kf1 Qxd2 45. Re2 Qd1+ 46. Re1 Qf3+ 47. Kg1 Qg2# 0-1

[Event "Gyor Amateur op 2nd"]
[Site "Gyor"]
[Date "2015.05.16"]
[Round "3"]
[White "Czipf Koteczki, Gergo"]
[Black "Toth, Benjamin Patrik"]
[Result "0-1"]
[WhiteElo "1363"]
[BlackElo "1100"]
[PlyCount "64"]
[EventDate "2015.05.16"]
[EventType "swiss"]
[EventRounds "7"]
[EventCountry "HUN"]
[SourceTitle "EXT 2016"]
[Source "ChessBase"]
[SourceDate "2015.10.08"]
[SourceVersion "1"]
[SourceVersionDate "2015.10.08"]
[SourceQuality "1"]

1. d4 Nf6 2. e3 d5 3. Bd3 g6 4. Nf3 Bg7 5. Nbd2 0-0 6. b3 Nbd7 7. Bb2 Re8 8. Ne5 Nxe5 9. dxe5 Nd7 10. Nf3 c6 11. 0-0 Qc7 12. Re1 Nxe5 13. Nxe5 Bxe5 14. Bxe5 Qxe5 15. Rb1 Bf5 16. Bxf5 Qxf5 17. Qd2 e5 18. f4 e4 19. Qc3 Rad8 20. Qa5 a6 21. Qc7 Rd7 22. Qa5 Qf6 23. c4 d4 24. exd4 Qxd4+ 25. Kh1 e3 26. Rbd1 Qxd1 27. h3 Qd2 28. Qxd2 Rxd2 29. Rg1 e2 30. a4 Rd1 31. Rxd1 exd1Q+ 32. Kh2 Qxb3 0-1

[Event "Gyor Amateur op 2nd"]
[Site "Gyor"]
[Date "2015.05.16"]
[Round "1"]
[White "Toth, Benjamin Patrik"]
[Black "Gaal, Zsoka"]
[Result "0-1"]
[WhiteElo "1100"]
[BlackElo "1365"]
[PlyCount "78"]
[EventDate "2015.05.16"]
[EventType "swiss"]
[EventRounds "7"]
[EventCountry "HUN"]
[SourceTitle "EXT 2016"]
[Source "ChessBase"]
[SourceDate "2015.10.08"]
[SourceVersion "1"]
[SourceVersionDate "2015.10.08"]
[SourceQuality "1"]

1. e4 g6 2. d4 Bg7 3. Nc3 c6 4. Nf3 d5 5. exd5 cxd5 6. Be2 Bg4 7. 0-0 e6 8. Re1 Ne7 9. h3 Bxf3 10. Bxf3 0-0 11. g3 Nbc6 12. Ne2 Nf5 13. c3 Na5 14. b3 Rc8 15. Bf4 Qd7 16. Bg2 Nd6 17. Qc2 Nb5 18. Bd2 Nxd4 19. Nxd4 Bxd4 20. Qd3 Bg7 21. Rac1 Nc6 22. c4 Ne5 23. Qe2 d4 24. Bf4 Nc6 25. Rcd1 e5 26. Bc1 Rfd8 27. Be4 Qxh3 28. Bf3 Qd7 29. Bg5 Re8 30. Kg2 h6 31. Bc1 Red8 32. Qd3 f5 33. Bd5+ Kh7 34. f3 Nb4 35. Qd2 Nxd5 36. cxd5 Qxd5 37. Rh1 Qe6 38. Rh2 d3 39. Rdh1 Rc2 0-1